000 00364nam a2200121Ia 4500
005 20251222152704.0
008 251222s9999||||xx |||||||||||||| ||spa||
082 _a990/V66
100 _aVillapolo Herrera, Leslie, Beingolea Aguirre, Martha y Molero Mesía María Pía
245 0 _aNuestra Vida Nuestra Tierra:
264 _bMinisterio de Educación
942 _cLIB
999 _c28943
_d28943